ARRUPE JESUIT UNIVERSITY

CORONAVIRUS -STOP THE SPREAD - CLEAN,DISINFECT,COVER

S-Matrix Theory of Strong Interactions (Record no. 121657)

MARC details
000 -LEADER
fixed length control field 00438nam a22001337a 4500
008 - FIXED-LENGTH DATA ELEMENTS--GENERAL INFORMATION
fixed length control field 150114b xxu||||| |||| 00| 0 eng d
050 ## - LIBRARY OF CONGRESS CALL NUMBER
Classification number QC174.3.C45
100 ## - MAIN ENTRY--PERSONAL NAME
Personal name Chew, Geoffrey F.
9 (RLIN) 13927
245 ## - TITLE STATEMENT
Title S-Matrix Theory of Strong Interactions
Remainder of title a lecture note and reprint
Statement of responsibility, etc Geoffrey F. Chew
260 ## - PUBLICATION, DISTRIBUTION, ETC. (IMPRINT)
Place of publication, distribution, etc New York
Name of publisher, distributor, etc W.A. Benjamin, Inc.
Date of publication, distribution, etc 1961
300 ## - PHYSICAL DESCRIPTION
Extent x, 182p. ;
Dimensions 23cm.
650 ## - SUBJECT ADDED ENTRY--TOPICAL TERM
Topical term or geographic name as entry element Matrix mechanics
9 (RLIN) 13928
942 ## - ADDED ENTRY ELEMENTS (KOHA)
Source of classification or shelving scheme Library of Congress Classification
Item type Monograph ( Printed materials)
Holdings
Withdrawn status Lost status Source of classification or shelving scheme Damaged status Not for loan Collection code Home library Current library Shelving location Date acquired Total Checkouts Full call number Barcode Date last seen Price effective from Koha item type
    Library of Congress Classification     Main Collection ARRUPE LIBRARY ARRUPE LIBRARY Main Collection 14/01/2015   QC174.3.C45 46500003261 02/07/2019 14/01/2015 Monograph ( Printed materials)

 

Arrupe Library. PO Box MP320 Mt Pleasant, Harare, Zimbabwe
263 242 745411|librarian@aju.ac.zw